000 00770nam a2200241Ia 4500
003 OSt
005 20230724150436.0
008 210716s2013 xx 000 0 und d
020 _a9781259058554
040 _cAIMIT LIBRARY
041 _aeng
082 _a342.0662
_21
_bSHAP
100 _aShreyaskar, Pankaj K P.
_9128257
245 _aRTI act in India :
_bfutures and implications /
_cBy Pankaj K P Shreyaskar.
250 _a1st ed.
260 _aNew Delhi :
_bMc Graw Hill Book Company ,
_c2013.
300 _axvi,156p. ;
_bPB
_c22.2 cm.
650 _aGeneral Management
_9128258
651 _aSalient features of RTI act
_9128259
651 _aRTI and privacy
_9128260
651 _aIT and regulatory framework
_9128261
942 _2ddc
_cBK
_e1st
_k342.0662 SHRP
999 _c209374
_d209374